000 00793nam a2200277 i 4500
001 bg
245 0 0 _aGeografia świata.
_n[2],
_pSpołeczeństwo i gospodarka /
_c[red. Janusz Puskarz].
260 _aWarszawa :
_bWydawnictwo Naukowe PWN,
_c2008.
300 _a909 s. :
_bil. kolor. ;
_c25 cm.
490 1 _aEncyklopedia PWN
650 9 _aGeografia
650 9 _aŚwiat
655 _aEncyklopedie
700 1 _aPuskarz, Janusz.
_eRed.
830 _aEncyklopedia PWN
015 _aPB 29521/2008
020 _a9788301155520
040 _cBPK
041 _apol
044 _aPOL
080 _a913(100)(03)
920 _a978-83-01-15552-0
942 _cKS
008 081103s2008 pl a e |000 0 pol
999 _c56015
_d56015
856 _uhttp://koha.tu.koszalin.pl/cgi-bin/koha/opac-detail.pl?biblionumber=56015
_yKatalog online BPK